Normal view
MARC view
Entry Topical Term
001 - CONTROL NUMBER
- control field: 714432
003 - CONTROL NUMBER IDENTIFIER
- control field:
005 - DATE AND TIME OF LATEST TRANSACTION
- control field: 20210627043244.0
008 - FIXED-LENGTH DATA ELEMENTS
- fixed length control field: 210627|| aca||aabn | a|a d
040 ## - CATALOGING SOURCE
- Original cataloging agency:
- Transcribing agency:
150 ## - HEADING--TOPICAL TERM
- Topical term or geographic name entry element: Aquatic plants
- Geographic subdivision: Potomac River
- General subdivision: Geographical distribution
670 ## - SOURCE DATA FOUND
- Source citation: Work cat.: ()588673: Carter, Virginia 714429, Distribution and abundance of submersed aquatic vegetation in the tidal Potomac River and estuary, Maryland and Virginia, May 1978 to November 1981 :, 1985
